| 000 | 00576nam a22001577a 4500 | ||
|---|---|---|---|
| 003 | NUST | ||
| 082 | _a629.8 | ||
| 100 |
_a NAEEM ,MEHREEN _9122288 |
||
| 245 |
_aEnhanced Accuracy for Six Commands BCI System Using Hybrid ERPs/SSVEP Based Paradigm / _cMEHREEN NAEEM |
||
| 264 |
_aIslamabad: _bSMME- NUST. _c2021. |
||
| 300 |
_a67P. ; _bSoft Copy, _c30cm. |
||
| 650 |
_aMS Robotics and Intelligent Machine Engineering _9119486 |
||
| 700 |
_aSupervisor : Dr. Muhammad Jawad Khan _9119689 |
||
| 856 | _uhttp://10.250.8.41:8080/xmlui/handle/123456789/35616 | ||
| 942 |
_2ddc _cTHE |
||
| 999 |
_c608792 _d608792 |
||